Normal view
MARC view
- Young, Peter,
Entry Personal Name
001 - CONTROL NUMBER
- control field: 110424
003 - CONTROL NUMBER IDENTIFIER
- control field: NUST
005 - DATE AND TIME OF LATEST TRANSACTION
- control field: 20230316123707.0
008 - FIXED-LENGTH DATA ELEMENTS
- fixed length control field: 230316|| aca||aabn | a|a d
040 ## - CATALOGING SOURCE
- Original cataloging agency: NUST
- Transcribing agency: NUST
100 ## - HEADING--PERSONAL NAME
- Personal name: Young, Peter,
- Dates associated with a name: 1915-1988
670 ## - SOURCE DATA FOUND
- Source citation: Work cat.: (NUST)185062: Strategy & tactics of the great generals and their battles /, c1984.
